All-Time Lakers MVP's - Statistics

General Stats
  • This quiz has been taken 549 times
  • The average score is 8 of 8
Answer Stats
Hint Answer % Correct
2007-2008 Kobe Bryant
100%
1999-2000 Shaquille O'Neal
99%
1989-1990 Magic Johnson
98%
1988-1989 Magic Johnson
98%
1986-1987 Magic Johnson
98%
1979-1980 Kareem Abdul-Jabbar
95%
1976-1977 Kareem Abdul-Jabbar
95%
1975-1976 Kareem Abdul-Jabbar
95%
No matching quizzes found
Score Distribution
Percent of People with Each Score
Percentile by Number Answered
Your Score History
You have not taken this quiz